000 00345 a2200145 4500
001 167128
020 _a
040 _cMagnum
100 _aCerteau, Michel de
240 1 0 _aA invencao do cotidiano - v.1 - artes de fazer
_lpor
245 1 0 _aA invencao do cotidiano - v.1 - artes de fazer
362 0 _a1899
697 _aGERAL
942 _cBK
999 _c167128
_d167128